000 00844cam a22002174a 4500
005 20250605164316.0
008 250528s ||||||||||||||||||||||||d
035 _a22708
020 _a9780304328130
040 _aGR-AtMCL
_bgre
_dGR-AtMCL
_eAACR2
245 1 _aEUROPEAN ADVERTISING STRATEGIES
250 _a1
260 _bCassell,
_c1992
300 _a210
505 0 _aAFTER EIGHT APPLE COMPUTER UNILEVER'S CAPTAIN ANGE OF FROZEN PRODUCTS CLUB MEDITERRANEE COLGATE TOOTHPASTE KLM ROYAL DUTCH AIRLINE LEVI'S LUX TOILET SOAP MARLBORO MARTINI & ROSSI
520 _aAFTER EIGHT APPLE COMPUTER UNILEVER'S CAPTAIN ANGE OF FROZEN PRODUCTS CLUB MEDITERRANEE COLGATE TOOTHPASTE KLM ROYAL DUTCH AIRLINE LEVI'S LUX TOILET SOAP MARLBORO MARTINI & ROSSI
700 1 _aRijkens Rein
_92148
942 _cBK
999 _c7754
_d7754